000 00696nam a22001337a 4500
040 _cRUA
082 _aATM SUM 2009 B196 Or.1
100 _aSUM, SIDEN.
245 _aEffeciency of credit managment of angkor mikoheranhvatho kampuchea (AMK) sihanouk branch, ប្រសិទ្ធភាពនៃការគ្របគ្រងឥទានរបស់គ្រឹស្ថានមីក្រូហិរញ្ញវត្ថុ អេ អឹម ខេ សាខាខេត្តព្រះសីហនុ
260 _aPhnom Penh
_bRUA
_c2009
300 _axi; 56p.
_bill.
_c29cm.
856 _uhttps://drive.google.com/file/d/1-qTmYor9tgLSDhD0UVcHGVjCi3OgiKCw/view?usp=sharing
942 _cATM
999 _c4281
_d4281